Discriminación positiva en favor de la mujer en el derecho comunitario : (Registro nro. 5022)
[ vista simple ]
| 000 -LEADER | |
|---|---|
| fixed length control field | 01360nam a2200277Ia 4500 |
| 003 - CONTROL NUMBER IDENTIFIER | |
| control field | OSt |
| 005 - DATE AND TIME OF LATEST TRANSACTION | |
| control field | 20200429195208.0 |
| 008 - FIXED-LENGTH DATA ELEMENTS--GENERAL INFORMATION | |
| fixed length control field | 191128s2001 ck gr 000 0 spa d |
| 020 ## - INTERNATIONAL STANDARD BOOK NUMBER | |
| International Standard Book Number | 9586165086 |
| 040 ## - CATALOGING SOURCE | |
| Original cataloging agency | CO-JMCR |
| Transcribing agency | CO-JMCR |
| 041 0# - LANGUAGE CODE | |
| Language code of text/sound track or separate title | spa |
| 082 04 - DEWEY DECIMAL CLASSIFICATION NUMBER | |
| Classification number | 305.42 / |
| Item number | B813d |
| 082 ## - DEWEY DECIMAL CLASSIFICATION NUMBER | |
| Item number | |
| 100 1# - MAIN ENTRY--PERSONAL NAME | |
| Personal name | Brage Camazano, Joaquín, |
| Relator term | autor |
| 9 (RLIN) | 3746 |
| 245 10 - TITLE STATEMENT | |
| Title | Discriminación positiva en favor de la mujer en el derecho comunitario : |
| Remainder of title | (en torno a la sentencia del 11 de noviembre de 1997 del Tribunal de Justicia de las comunidades europeas) / |
| Statement of responsibility, etc. | Joaquín Brage Camazano |
| 250 ## - EDITION STATEMENT | |
| Edition statement | Primera edición |
| 260 ## - PUBLICATION, DISTRIBUTION, ETC. | |
| Place of publication, distribution, etc. | Bogotá : |
| Name of publisher, distributor, etc. | Universidad Externado de Colombia, |
| Date of publication, distribution, etc. | 2001 |
| 300 ## - PHYSICAL DESCRIPTION | |
| Extent | 41 páginas ; |
| Dimensions | 21 cm. |
| 300 ## - PHYSICAL DESCRIPTION | |
| Dimensions | 21 cm |
| 490 0# - SERIES STATEMENT | |
| Series statement | Temas de Derecho Público ; |
| Volume/sequential designation | 62 |
| 505 ## - FORMATTED CONTENTS NOTE | |
| Formatted contents note | Técnicas jurídicas de lucha contra la discriminación de la mujer : esbozo -- La sentencia "Kalanke" como precedente inmediato -- La sentencia "Marschall" |
| 520 ## - SUMMARY, ETC. | |
| Summary, etc. | El Instituo de Estudios Constitucionales "Carlos Restrepo Piedrahita" fue creado por el Consejo Superior de la Universidad Externado de Colombia y su fondo bibliográficp incial con más de 18.000 volúmenes fue donado por el Profesor Carlos Restrepo Piedrah |
| 650 14 - SUBJECT ADDED ENTRY--TOPICAL TERM | |
| Topical term or geographic name entry element | Mujeres |
| General subdivision | Situación legal |
| 9 (RLIN) | 3747 |
| 650 24 - SUBJECT ADDED ENTRY--TOPICAL TERM | |
| Topical term or geographic name entry element | Discriminación sexual conta la mujer |
| 9 (RLIN) | 3748 |
| 942 ## - ADDED ENTRY ELEMENTS (KOHA) | |
| Source of classification or shelving scheme | Dewey Decimal Classification |
| Koha item type | Books |
| Withdrawn status | Lost status | Source of classification or shelving scheme | Materials specified (bound volume or other part) | Damaged status | Not for loan | Home library | Current library | Shelving location | Date acquired | Source of acquisition | Cost, normal purchase price | Total Checkouts | Full call number | Barcode | Date last seen | Copy number | Price effective from | Koha item type |
|---|---|---|---|---|---|---|---|---|---|---|---|---|---|---|---|---|---|---|
| Dewey Decimal Classification | Donación--01/01/2017-- | Biblioteca Pública José María del Castillo y Rada | Biblioteca Pública José María del Castillo y Rada | General Stacks | 11/28/2019 | Donación | 0.00 | 305.42 / B813d | 430001160 | 05/16/2024 | Ej.1 | 11/28/2019 | Books |